| 000 | 00720cam a22002537a 4500 | ||
|---|---|---|---|
| 003 | CHAP | ||
| 005 | 20220329141823.0 | ||
| 008 | 971013s1971 r 00010 d | ||
| 010 | _a74356 | ||
| 011 | _a75328 | ||
| 035 | _a84888 | ||
| 040 | _cCHAP | ||
| 082 |
_a631.4 _bG3Y |
||
| 100 | 0 | 0 |
_aGaucher, G. _947285 |
| 245 | 1 | 3 | _aEl suelo y sus características agronómicas; tratado de pedología agrícola |
| 260 |
_aBarcelona : _bOmega, _c1971 |
||
| 300 |
_a647 p. _b: ilus. |
||
| 590 |
_aBATCH-UPD _b10 _c20130110 _lUCH01 _h0509 |
||
| 590 |
_aCONVERSION _b10 _c20130109 _lUCH01 _h1341 |
||
| 650 | 1 | 4 |
_aSuelos. _9110191 |
| 901 | _aBK | ||
| 942 | _cLIBRO | ||
| 949 |
_a631.4 G3Y _bBC _cLIBRO _d-40459 _eLIBRO _h18022 _i84888 _sm |
||
| 999 |
_c74356 _d74356 |
||